[Event "Edinburgh Premier"]
[Site "Edinburgh"]
[Date "2016.04.08"]
[Round "1.1"]
[White "Samolins, Vitalijs"]
[Black "Coffey, Anthony"]
[Result "1-0"]
[WhiteElo "2397"]
[BlackElo "1957"]
[PlyCount "57"]
[EventDate "2016.04.08"]
[EventType "swiss"]
[EventRounds "5"]
[EventCountry "SCO"]
[SourceDate "2016.04.08"]

1. e4 e5 2. f4 exf4 3. Nc3 Qh4+ 4. Ke2 Qe7 5. d4 Nf6 6. Qd3 Nc6 7. Kd1 d6 8.
Bxf4 Bg4+ 9. Kd2 Qd7 10. Re1 O-O-O 11. d5 Ne5 12. Qe3 c5 13. h3 Bh5 14. Nf3
Bxf3 15. gxf3 Be7 16. h4 Kb8 17. Kc1 Qc7 18. Bg3 Nh5 19. f4 Ng4 20. Qf3 Nxg3
21. Qxg3 h5 22. Bh3 Bf6 23. Bxg4 hxg4 24. e5 Be7 25. Qxg4 g6 26. h5 gxh5 27.
Rxh5 Rxh5 28. Qxh5 Bf8 29. e6 1-0

[Event "Edinburgh Premier"]
[Site "Edinburgh"]
[Date "2016.04.08"]
[Round "1.2"]
[White "Bourached, Anthony"]
[Black "Arakhamia-Grant, Ketevan"]
[Result "0-1"]
[WhiteElo "1951"]
[BlackElo "2360"]
[PlyCount "58"]
[EventDate "2016.04.08"]
[EventType "swiss"]
[EventRounds "5"]
[EventCountry "SCO"]
[SourceDate "2016.04.08"]

1. d4 Nf6 2. c4 g6 3. Nc3 Bg7 4. e4 d6 5. h3 O-O 6. Bg5 Na6 7. Nf3 c6 8. Be2 e5
9. d5 h6 10. Be3 Nc5 11. Nd2 a5 12. Qc2 Nfd7 13. g4 a4 14. O-O f5 15. f3 f4 16.
Bf2 Bf6 17. Rfb1 Bh4 18. Nf1 Bxf2+ 19. Kxf2 Nf6 20. b4 axb3 21. axb3 Rxa1 22.
Rxa1 Qb6 23. Kg2 Qxb3 24. Qd2 Qb6 25. dxc6 Qxc6 26. Nb5 Nb3 27. Qa2 Nxa1 28.
c5+ Kg7 29. cxd6 Qc2 0-1

[Event "Edinburgh Premier"]
[Site "Edinburgh"]
[Date "2016.04.08"]
[Round "1.3"]
[White "Berry, Neil"]
[Black "Doyle, James"]
[Result "1-0"]
[WhiteElo "2351"]
[BlackElo "1933"]
[PlyCount "103"]
[EventDate "2016.04.08"]
[EventType "swiss"]
[EventRounds "5"]
[EventCountry "SCO"]
[SourceDate "2016.04.08"]

1. d4 Nf6 2. Nf3 b6 3. c4 g6 4. g3 Bg7 5. Bg2 Bb7 6. O-O O-O 7. Nc3 d6 8. Qc2
Nbd7 9. e4 e5 10. d5 a5 11. b3 Qe7 12. Rb1 Ra6 13. a3 Rfa8 14. Bb2 h6 15. b4
Rc8 16. Nd2 axb4 17. axb4 h5 18. Nb3 Raa8 19. Rfd1 Ng4 20. h3 Ngf6 21. Bc1 Nh7
22. Be3 Qf6 23. Ra1 Bf8 24. Nb5 Ba6 25. Ra2 Qd8 26. Rda1 Bxb5 27. cxb5 Rxa2 28.
Rxa2 Be7 29. h4 Nhf6 30. f3 Ne8 31. Bh3 Rb8 32. Kg2 Nf8 33. Qc6 Kg7 34. Nd2 Kg8
35. Ra7 Bf6 36. Nf1 Bg7 37. Bg5 f6 38. Bc1 Kh8 39. Be3 Kg8 40. Nd2 Kh8 41. Nc4
Kg8 42. Be6+ Nxe6 43. dxe6 Bf8 44. Qd7 Be7 45. Bxb6 cxb6 46. Qxe7 Qxe7 47. Rxe7
Kf8 48. Rf7+ Kg8 49. Rd7 Kf8 50. e7+ Kf7 51. Rd8 Rb7 52. Rxe8 1-0

[Event "Edinburgh Premier"]
[Site "Edinburgh"]
[Date "2016.04.08"]
[Round "1.5"]
[White "Sanchez Botella, Luis Javier"]
[Black "Sykes, Chris"]
[Result "1-0"]
[WhiteElo "2278"]
[BlackElo "1897"]
[PlyCount "75"]
[EventDate "2016.04.08"]
[EventType "swiss"]
[EventRounds "5"]
[EventCountry "SCO"]
[SourceDate "2016.04.08"]

1. e4 c6 2. d4 d5 3. e5 c5 4. dxc5 e6 5. Be3 Nh6 6. f4 Nf5 7. Bf2 Nc6 8. c3 d4
9. g4 Ne3 10. Bxe3 dxe3 11. Qxd8+ Kxd8 12. b4 Rb8 13. Bg2 Bd7 14. Nf3 h6 15.
Nd4 Kc7 16. Na3 Nxd4 17. cxd4 Be7 18. Nc2 g5 19. fxg5 Bxg5 20. h4 Bf4 21. O-O
Bg3 22. Nxe3 Rhf8 23. h5 Bh4 24. d5 Bb5 25. d6+ Kd7 26. Rfc1 Bg5 27. Rc3 Bf4
28. Nc4 Bxc4 29. Rxc4 Bxe5 30. Re1 f6 31. Bxb7 Bxd6 32. Rd4 Rxb7 33. Rxd6+ Kc7
34. a3 e5 35. Rf1 Rg8 36. Rfxf6 Rxg4+ 37. Kf2 Rh4 38. Rf7+ 1-0

[Event "Edinburgh Premier"]
[Site "Edinburgh"]
[Date "2016.04.08"]
[Round "1.6"]
[White "Hall, David G"]
[Black "Lauridsen, Jesper Morch"]
[Result "1-0"]
[WhiteElo "1874"]
[BlackElo "2275"]
[PlyCount "71"]
[EventDate "2016.04.08"]
[EventType "swiss"]
[EventRounds "5"]
[EventCountry "SCO"]
[SourceDate "2016.04.08"]

1. d4 e6 2. c4 f5 3. e4 fxe4 4. Nc3 Nf6 5. Bg5 Bb4 6. f3 e3 7. Bd3 O-O 8. Nge2
Nc6 9. O-O Bxc3 10. Nxc3 d5 11. Bxe3 Nb4 12. b3 Nxd3 13. Qxd3 Bd7 14. Bg5 c6
15. Rfe1 Qa5 16. Bd2 Qc7 17. g3 Nh5 18. Re5 g6 19. Rae1 Rf7 20. Bh6 Ng7 21. g4
Raf8 22. R1e3 b6 23. Kg2 Qb7 24. Kg3 Kh8 25. h4 Rg8 26. Ne2 dxc4 27. bxc4 Rgf8
28. Nf4 Qc7 29. h5 gxh5 30. Bxg7+ Rxg7 31. Nxh5 Rgf7 32. g5 Rf5 33. Kg4 Qd8 34.
Nf6 h6 35. f4 Be8 36. Rxf5 1-0

[Event "Edinburgh Premier"]
[Site "Edinburgh"]
[Date "2016.04.08"]
[Round "1.7"]
[White "Marzano, Carlo"]
[Black "Durno, Joy"]
[Result "1/2-1/2"]
[WhiteElo "2188"]
[BlackElo "1872"]
[PlyCount "80"]
[EventDate "2016.04.08"]
[EventType "swiss"]
[EventRounds "5"]
[EventCountry "SCO"]
[SourceDate "2016.04.08"]

1. d4 Nf6 2. Nf3 c5 3. d5 g6 4. c4 e6 5. Nc3 exd5 6. cxd5 d6 7. Nd2 Nbd7 8. Nc4
Nb6 9. Na3 Bg7 10. e4 O-O 11. Be2 Qe7 12. f3 Bd7 13. O-O Rab8 14. Nab1 a6 15.
a4 Na8 16. a5 Nc7 17. Na3 Nfe8 18. Re1 f5 19. exf5 Rxf5 20. Bxa6 Bd4+ 21. Kh1
Qh4 22. Re4 Qf2 23. Bc4 Nf6 24. Re2 Qh4 25. Qe1 Qxe1+ 26. Rxe1 Bxc3 27. bxc3
Nfxd5 28. Bh6 Bc6 29. Re7 Rf7 30. Rae1 Nxe7 31. Rxe7 Nd5 32. Re1 Nxc3 33. Bxf7+
Kxf7 34. Nc4 Nb5 35. Bf4 Rd8 36. Rd1 Ke6 37. Re1+ Kf7 38. Rd1 Ke6 39. Re1+ Kf6
40. Rd1 Ke6 1/2-1/2

[Event "Edinburgh Premier"]
[Site "Edinburgh"]
[Date "2016.04.08"]
[Round "1.8"]
[White "Jennings, Richard"]
[Black "Orr, Mark J L"]
[Result "1/2-1/2"]
[WhiteElo "1866"]
[BlackElo "2180"]
[PlyCount "82"]
[EventDate "2016.04.08"]
[EventType "swiss"]
[EventRounds "5"]
[EventCountry "SCO"]
[SourceDate "2016.04.08"]

1. c4 Nf6 2. Nc3 e5 3. Nf3 Nc6 4. d4 exd4 5. Nxd4 Bb4 6. Bg5 h6 7. Bh4 O-O 8.
e3 d6 9. Be2 Ne5 10. Qb3 Bxc3+ 11. Qxc3 Ng6 12. Bxf6 Qxf6 13. O-O a6 14. Rac1
Re8 15. c5 d5 16. c6 b6 17. Qb3 Rd8 18. Rfd1 Ne7 19. Bf3 Be6 20. Rd2 g6 21. Qd1
Kh8 22. a4 Rd6 23. b4 Rg8 24. Qf1 Bc8 25. b5 a5 26. Rcd1 Rgd8 27. g3 g5 28. Qe2
Ng6 29. Bg4 Bxg4 30. Qxg4 Ne5 31. Qe2 g4 32. Kg2 Qg6 33. h3 Qe4+ 34. Kh2 h5 35.
Rh1 Kg7 36. Kg1 Rh6 37. Qd1 Rdh8 38. Qc2 Rf6 39. h4 Re8 40. Kh2 Nf3+ 41. Nxf3
Qxf3 1/2-1/2

[Event "Edinburgh Premier"]
[Site "Edinburgh"]
[Date "2016.04.08"]
[Round "1.9"]
[White "Green, Andrew"]
[Black "Robinson, Stephen"]
[Result "1-0"]
[WhiteElo "2153"]
[BlackElo "1823"]
[PlyCount "99"]
[EventDate "2016.04.08"]
[EventType "swiss"]
[EventRounds "5"]
[EventCountry "SCO"]
[SourceDate "2016.04.08"]

1. d4 e6 2. c4 f5 3. Nf3 Nf6 4. Nc3 c6 5. Bf4 Be7 6. h3 O-O 7. e3 d6 8. Qc2 Qe8
9. Bd3 h6 10. g4 g5 11. Bg3 Qf7 12. gxf5 Nh5 13. Bh2 exf5 14. O-O-O Na6 15. a3
Kh8 16. Rdg1 b5 17. Ne2 Bb7 18. Nd2 b4 19. a4 c5 20. d5 Bc8 21. b3 Bd7 22. Rg2
Qg7 23. f4 Rab8 24. Qa2 Rf7 25. Rhg1 Rg8 26. Qb1 Nc7 27. Kc2 Ne8 28. Qd1 Qf6
29. Kb1 Bf8 30. Ka2 Bg7 31. Qc2 Bf8 32. e4 Re7 33. exf5 Re3 34. fxg5 hxg5 35.
Ne4 Qxf5 36. h4 g4 37. Nxc5 Rxd3 38. Nxd3 Qf3 39. Ng3 Nf4 40. Nxf4 Qxf4 41. Rf1
Qd4 42. Nf5 Qf6 43. Bg1 Bg7 44. Bd4 Bxf5 45. Bxf6 Bxc2 46. Bxg7+ Kxg7 47. Rxc2
Kh7 48. Re1 Nf6 49. Re7+ Kh6 50. Rg2 1-0

[Event "Edinburgh Premier"]
[Site "Edinburgh"]
[Date "2016.04.08"]
[Round "1.10"]
[White "Zhang, Zheming"]
[Black "Abrahams, Daniel"]
[Result "0-1"]
[WhiteElo "1792"]
[BlackElo "2084"]
[PlyCount "172"]
[EventDate "2016.04.08"]
[EventType "swiss"]
[EventRounds "5"]
[EventCountry "SCO"]
[SourceDate "2016.04.08"]

1. e4 c5 2. Nf3 e6 3. d4 cxd4 4. Nxd4 a6 5. Be3 Nf6 6. Nc3 Bb4 7. f3 Qc7 8. Qd3
d5 9. exd5 Nxd5 10. Bd2 Nxc3 11. bxc3 Bd6 12. g3 O-O 13. Bg2 Nd7 14. O-O Ne5
15. Qe2 Nc4 16. f4 Nxd2 17. Qxd2 Bd7 18. Kh1 Rac8 19. Rf3 Rfd8 20. Rd3 Be7 21.
Rd1 Ba4 22. Rb1 b6 23. Re1 Bf6 24. Re4 Be8 25. g4 Bxd4 26. Rexd4 Rxd4 27. Rxd4
Qxc3 28. Qxc3 Rxc3 29. Be4 Kf8 30. Rd6 Rc4 31. Bd3 Rc6 32. Rd4 Ke7 33. Kg2 Rc3
34. a4 Ra3 35. Bxa6 Rxa4 36. Rxa4 Bxa4 37. Bd3 h6 38. Kf3 Kd6 39. Ke4 Kc5 40.
c3 f6 41. h4 Bc6+ 42. Ke3 e5 43. fxe5 fxe5 44. g5 hxg5 45. hxg5 Kd6 46. Bf5 Bd5
47. Bg4 Be6 48. Bf3 Bf5 49. Bd1 Bg6 50. Bb3 Bb1 51. Bc4 Kc5 52. Bb3 Bf5 53. Bf7
Kb5 54. Bb3 Bg6 55. Be6 Ka4 56. Bc4 Ka3 57. Kd2 Kb2 58. Bd5 Bc2 59. Bc4 e4 60.
Bb5 e3+ 61. Kxe3 Kxc3 62. Kf4 Bd3 63. Bxd3 Kxd3 64. Kf5 b5 65. Kg6 b4 66. Kxg7
b3 67. g6 b2 68. Kf8 b1=Q 69. g7 Qb8+ 70. Kf7 Qf4+ 71. Ke7 Qg5+ 72. Kf7 Qf5+
73. Ke7 Qg6 74. Kf8 Qf6+ 75. Kg8 Kd4 76. Kh7 Qf7 77. Kh8 Qh5+ 78. Kg8 Ke5 79.
Kf8 Kf6 80. g8=N+ Ke6 81. Kg7 Qf7+ 82. Kh8 Qg6 83. Ne7 Qf6+ 84. Kg8 Qxe7 85.
Kh8 Kf6 86. Kg8 Qg7# 0-1

[Event "Edinburgh Premier"]
[Site "Edinburgh"]
[Date "2016.04.08"]
[Round "1.11"]
[White "Rutherford, Willie"]
[Black "Dabos-Doukas, Ioannis"]
[Result "1/2-1/2"]
[WhiteElo "2077"]
[BlackElo "1788"]
[PlyCount "107"]
[EventDate "2016.04.08"]
[EventType "swiss"]
[EventRounds "5"]
[EventCountry "SCO"]
[SourceDate "2016.04.08"]

1. d4 d5 2. Nf3 Nf6 3. c4 e6 4. Nc3 Be7 5. Bg5 h6 6. Bh4 O-O 7. e3 Ne4 8. Bxe7
Qxe7 9. Qc2 Nxc3 10. bxc3 b6 11. cxd5 exd5 12. Bd3 Bb7 13. O-O Nd7 14. a4 a6
15. Rfb1 Rfb8 16. Bh7+ Kh8 17. Bf5 Bc6 18. Bxd7 Bxd7 19. Ne5 b5 20. a5 c5 21.
Qa2 c4 22. Qa3 Qxa3 23. Rxa3 Be8 24. Raa1 f6 25. Nf3 Bg6 26. Rb4 Re8 27. Rb2
Ra7 28. Ne1 Rb7 29. Rc1 b4 30. Nc2 Bxc2 31. Rcxc2 Reb8 32. cxb4 Rxb4 33. Rxb4
Rxb4 34. f3 Kg8 35. Kf2 Kf7 36. e4 Ke6 37. g4 Ra4 38. Rb2 Rxa5 39. Rb6+ Kd7 40.
exd5 Rxd5 41. Ke3 Rd6 42. Rb7+ Kc6 43. Rxg7 a5 44. h4 a4 45. g5 hxg5 46. h5 Rd8
47. h6 Rh8 48. h7 Kd5 49. Rd7+ Ke6 50. Ra7 f5 51. Ra6+ Kd5 52. Ra5+ Kc6 53.
Rc5+ Kd6 54. Rxc4 1/2-1/2

[Event "Edinburgh Premier"]
[Site "Edinburgh"]
[Date "2016.04.08"]
[Round "1.12"]
[White "Brown, Allan D"]
[Black "Abdulla, Murad"]
[Result "0-1"]
[WhiteElo "1784"]
[BlackElo "2065"]
[PlyCount "86"]
[EventDate "2016.04.08"]
[EventType "swiss"]
[EventRounds "5"]
[EventCountry "SCO"]
[SourceDate "2016.04.08"]

1. d4 Nf6 2. Nf3 g6 3. c4 c5 4. d5 b5 5. cxb5 a6 6. b6 d6 7. Nc3 Nbd7 8. e4
Qxb6 9. Be2 Bg7 10. O-O O-O 11. Qc2 Qa7 12. a4 Rb8 13. Rb1 Ne8 14. Be3 Qb7 15.
g3 Nc7 16. Rfd1 Nf6 17. Nd2 Bd7 18. f3 Qb4 19. Nc4 Nfe8 20. f4 Nf6 21. Kg2 Qb7
22. h3 Na8 23. Bf3 Qb4 24. Be2 Nb6 25. Nxb6 Rxb6 26. b3 Rfb8 27. Bc4 Ng4 28.
hxg4 Qxc3 29. Qxc3 Bxc3 30. Rbc1 Bxg4 31. Rd3 Bb4 32. Kf2 e6 33. Bd2 Bxd2 34.
Rxd2 a5 35. Re1 Rd8 36. Rd3 Kg7 37. Rde3 Rb4 38. e5 exd5 39. Bxd5 Rd4 40. Bc4
d5 41. Bb5 Rb4 42. Rc1 d4 43. Ree1 d3 0-1

[Event "Edinburgh Premier"]
[Site "Edinburgh"]
[Date "2016.04.08"]
[Round "1.13"]
[White "Birkett, Richard"]
[Black "Chapman, Nigel"]
[Result "1-0"]
[WhiteElo "2050"]
[BlackElo "1754"]
[PlyCount "103"]
[EventDate "2016.04.08"]
[EventType "swiss"]
[EventRounds "5"]
[EventCountry "SCO"]
[SourceDate "2016.04.08"]

1. e4 d5 2. e5 c5 3. f4 Nc6 4. Nf3 Bg4 5. h3 Bxf3 6. Qxf3 Nd4 7. Qd3 e6 8. c3
Nc6 9. Qf3 Nge7 10. Bd3 Qb6 11. Bc2 g6 12. d3 Bg7 13. O-O h5 14. Nd2 h4 15. Nb3
Nf5 16. Be3 Nxe3 17. Qxe3 d4 18. Qf2 Bf8 19. cxd4 cxd4 20. Nd2 Be7 21. Bb3 O-O
22. Ne4 Kg7 23. Rae1 Qd8 24. Qf3 Nb4 25. a3 Nd5 26. Bxd5 Qxd5 27. Qg4 Rh8 28.
f5 exf5 29. Rxf5 Qe6 30. Ref1 Qd5 31. Rxf7+ Qxf7 32. Rxf7+ Kxf7 33. e6+ Kg7 34.
Qf4 Rae8 35. Qe5+ Kh6 36. Qxd4 Rd8 37. Qe5 Rc8 38. Nc3 Rhd8 39. Nd5 Rc1+ 40.
Kf2 Rf8+ 41. Ke2 Rff1 42. Qh8+ Kg5 43. Nxe7 Rfe1+ 44. Kd2 Red1+ 45. Ke3 Re1+
46. Kd4 Rxe6 47. Nd5 Rcc6 48. Qd8+ Kf5 49. Ne3+ Rxe3 50. Kxe3 Re6+ 51. Kd2 g5
52. Qd5+ 1-0

[Event "Edinburgh Premier"]
[Site "Edinburgh"]
[Date "2016.04.08"]
[Round "1.14"]
[White "Smith, Callum"]
[Black "Bhopal, Raj"]
[Result "0-1"]
[WhiteElo "1685"]
[BlackElo "1998"]
[PlyCount "120"]
[EventDate "2016.04.08"]
[EventType "swiss"]
[EventRounds "5"]
[EventCountry "SCO"]
[SourceDate "2016.04.08"]

1. e4 d5 2. exd5 Qxd5 3. Nc3 Qd6 4. d4 Nf6 5. Nf3 a6 6. Be3 b5 7. Be2 Bb7 8.
O-O Nbd7 9. Qd2 e6 10. Rad1 Be7 11. Rfe1 O-O 12. Bf4 Qb6 13. h3 Rfd8 14. Qe3 b4
15. Nb1 Nd5 16. Qc1 Rac8 17. Ne5 Nxf4 18. Qxf4 Nxe5 19. dxe5 Bc5 20. Bc4 Qc6
21. Qg5 Rd4 22. Bf1 h6 23. Qh5 Rcd8 24. c3 R4d5 25. c4 Rd4 26. b3 Qb6 27. Rxd4
Rxd4 28. Kh1 Rd7 29. Rd1 Qc6 30. Qe2 Rxd1 31. Qxd1 Be7 32. Qd4 Qe4 33. Qxe4
Bxe4 34. Nd2 Bc2 35. g3 Bc5 36. Kg2 Bd4 37. Kf3 c5 38. Ke2 Bxe5 39. Bg2 Kf8 40.
Bb7 a5 41. Be4 Bxe4 42. Nxe4 Bd4 43. g4 Ke7 44. f4 f5 45. Ng3 g6 46. Kf3 Kf6
47. gxf5 exf5 48. h4 Bc3 49. Ke2 g5 50. hxg5+ hxg5 51. Ke3 gxf4+ 52. Kxf4 Be5+
53. Kf3 Bxg3 54. Kxg3 Ke5 55. Kf3 f4 56. Ke2 Ke4 57. Kf2 f3 58. Kf1 Ke3 59. Ke1
f2+ 60. Kf1 Kf3 0-1

[Event "Edinburgh Premier"]
[Site "Edinburgh"]
[Date "2016.04.08"]
[Round "1.15"]
[White "Delaere, Koen"]
[Black "Pascha, Tariq"]
[Result "1-0"]
[WhiteElo "1986"]
[BlackElo "1654"]
[PlyCount "161"]
[EventDate "2016.04.08"]
[EventType "swiss"]
[EventRounds "5"]
[EventCountry "SCO"]
[SourceDate "2016.04.08"]

1. d4 d5 2. c4 c6 3. Nf3 Nf6 4. Nc3 e6 5. e3 Bd6 6. Bd3 Nbd7 7. O-O a6 8. e4
dxe4 9. Nxe4 Nxe4 10. Bxe4 Nf6 11. Bc2 h6 12. Bd2 O-O 13. Bc3 Re8 14. Qd3 b5
15. b3 Bb7 16. Rad1 Bc7 17. Qe2 Qd6 18. Ne5 Rad8 19. f4 c5 20. Ng4 Nxg4 21.
Qxg4 Qf8 22. Kh1 cxd4 23. Bxd4 e5 24. fxe5 Bxe5 25. Be3 Re6 26. cxb5 axb5 27.
Bc1 Qe7 28. Rxd8+ Qxd8 29. Qf5 Qc7 30. Qh7+ Kf8 31. Ba3+ Bd6 32. Bxd6+ Qxd6 33.
Qh8+ Ke7 34. Qxg7 Qf4 35. Bd3 Rg6 36. Qxg6 Qxf1+ 37. Bxf1 fxg6 38. Bxb5 Kd6 39.
Bc4 Kc5 40. Kg1 Kb4 41. a4 Bc6 42. Bf7 g5 43. g4 Bf3 44. h3 Be4 45. Kf2 Bc6 46.
Kg3 Be4 47. h4 Bh1 48. hxg5 hxg5 49. Be6 Bc6 50. Kf2 Kc5 51. Ke3 Kd6 52. Bc8
Kc5 53. Kd2 Kb4 54. Be6 Bf3 55. Ke3 Bc6 56. Kd4 Bf3 57. Ke5 Bd1 58. Kf6 Bc2 59.
Kxg5 Bh7 60. Kf6 Bc2 61. g5 Bh7 62. g6 Bxg6 63. Kxg6 Ka5 64. Kf6 Kb4 65. Ke5
Ka5 66. Kd6 Kb4 67. Kc6 Ka5 68. Kc5 Ka6 69. b4 Ka7 70. Kb5 Kb7 71. a5 Ka7 72.
a6 Kb8 73. Kb6 Ka8 74. Bd5+ Kb8 75. b5 Kc8 76. a7 Kd7 77. a8=Q Ke7 78. Qc6 Kd8
79. Qb7 Ke8 80. Kc6 Kd8 81. Qd7# 1-0

[Event "Edinburgh Premier"]
[Site "Edinburgh"]
[Date "2016.04.09"]
[Round "2.1"]
[White "Abdulla, Murad"]
[Black "Samolins, Vitalijs"]
[Result "0-1"]
[WhiteElo "2065"]
[BlackElo "2397"]
[PlyCount "53"]
[EventDate "2016.04.08"]
[EventType "swiss"]
[EventRounds "5"]
[EventCountry "SCO"]
[SourceDate "2016.04.08"]

1. e4 e5 2. Nf3 Nc6 3. Bc4 Bc5 4. O-O Nf6 5. d3 O-O 6. c3 a6 7. h3 d6 8. a4 Be6
9. Nbd2 Ba7 10. Re1 Qd7 11. Qe2 Rae8 12. Bb3 Nh5 13. Bxe6 fxe6 14. Nf1 Nf4 15.
Bxf4 Rxf4 16. Rad1 Ref8 17. Ne3 Qf7 18. Nc4 Qf6 19. b4 b5 20. axb5 axb5 21.
Ncd2 g5 22. d4 exd4 23. Qxb5 dxc3 24. Qxc6 cxd2 25. Rxd2 g4 26. Qxc7 gxf3 27.
Qxa7 0-1

[Event "Edinburgh Premier"]
[Site "Edinburgh"]
[Date "2016.04.09"]
[Round "2.2"]
[White "Arakhamia-Grant, Ketevan"]
[Black "Birkett, Richard"]
[Result "1-0"]
[WhiteElo "2360"]
[BlackElo "2050"]
[PlyCount "71"]
[EventDate "2016.04.08"]
[EventType "swiss"]
[EventRounds "5"]
[EventCountry "SCO"]
[SourceDate "2016.04.08"]

1. e4 e5 2. Nf3 Nc6 3. Bb5 a6 4. Ba4 d6 5. c3 Nge7 6. O-O Ng6 7. d4 b5 8. Bb3
Be7 9. a4 Bd7 10. Bd5 O-O 11. axb5 axb5 12. Rxa8 Qxa8 13. dxe5 dxe5 14. Bxf7+
Rxf7 15. Qxd7 Bg5 16. Qg4 Bxc1 17. Rxc1 Nf4 18. Ng5 Rf6 19. g3 Nd3 20. Rf1 Nxb2
21. Ne6 Rg6 22. Qe2 Rxe6 23. Qxb2 Qa4 24. Nd2 b4 25. Ra1 bxc3 26. Qxc3 Qd4 27.
Ra8+ Kf7 28. Qa3 Rf6 29. Nf3 Qd1+ 30. Kg2 Qd6 31. Qb3+ Ke7 32. Qg8 Rf7 33. Qe8+
Kf6 34. Ra6 Rd7 35. Rxc6 Qxc6 36. Qf8+ 1-0

[Event "Edinburgh Premier"]
[Site "Edinburgh"]
[Date "2016.04.09"]
[Round "2.3"]
[White "Bhopal, Raj"]
[Black "Berry, Neil"]
[Result "0-1"]
[WhiteElo "1998"]
[BlackElo "2351"]
[PlyCount "56"]
[EventDate "2016.04.08"]
[EventType "swiss"]
[EventRounds "5"]
[EventCountry "SCO"]
[SourceDate "2016.04.08"]

1. e4 e6 2. d4 d5 3. e5 c5 4. c3 Nc6 5. Nf3 Qb6 6. Be2 cxd4 7. cxd4 Nh6 8. b3
Nf5 9. Bb2 Bb4+ 10. Kf1 Be7 11. g4 Nh4 12. Nxh4 Bxh4 13. a4 f6 14. Bb5 fxe5 15.
Bxc6+ bxc6 16. a5 Qa6+ 17. Kg2 O-O 18. Rf1 exd4 19. Bxd4 Bf6 20. f4 Bxd4 21.
Qxd4 Qe2+ 22. Rf2 Qxg4+ 23. Kh1 c5 24. Qe5 Qd1+ 25. Kg2 Qg4+ 26. Kh1 Bb7 27. a6
Bc6 28. Qd6 Rac8 0-1

[Event "Edinburgh Premier"]
[Site "Edinburgh"]
[Date "2016.04.09"]
[Round "2.4"]
[White "Delaere, Koen"]
[Black "Sanchez Botella, Luis Javier"]
[Result "0-1"]
[WhiteElo "1986"]
[BlackElo "2278"]
[PlyCount "74"]
[EventDate "2016.04.08"]
[EventType "swiss"]
[EventRounds "5"]
[EventCountry "SCO"]
[SourceDate "2016.04.08"]

1. d4 Nf6 2. c4 e6 3. Nf3 b6 4. a3 Bb7 5. Nc3 d5 6. cxd5 Nxd5 7. e3 Nd7 8. Bb5
c6 9. Bd3 Be7 10. O-O O-O 11. e4 Nxc3 12. bxc3 c5 13. Qe2 Qc7 14. Bg5 Bxg5 15.
Nxg5 h6 16. Nf3 Rac8 17. Ba6 Rfd8 18. Bxb7 Qxb7 19. e5 Nf8 20. a4 Ng6 21. a5
cxd4 22. cxd4 b5 23. a6 Qb6 24. g3 Ne7 25. Rfb1 Rd5 26. Ra2 Nc6 27. Rc1 Rcd8
28. Rac2 Nb4 29. Rc7 Nxa6 30. R7c6 Qb7 31. Qd2 R5d7 32. Qa5 Nb8 33. Rc7 Qxf3
34. Rxd7 Rxd7 35. Rc8+ Kh7 36. Rxb8 Rxd4 37. Rd8 Qd1+ 0-1

[Event "Edinburgh Premier"]
[Site "Edinburgh"]
[Date "2016.04.09"]
[Round "2.5"]
[White "Thomson, Neil"]
[Black "Green, Andrew"]
[Result "0-1"]
[WhiteElo "1978"]
[BlackElo "2153"]
[PlyCount "60"]
[EventDate "2016.04.08"]
[EventType "swiss"]
[EventRounds "5"]
[EventCountry "SCO"]
[SourceDate "2016.04.08"]

1. e4 Nf6 2. e5 Nd5 3. d4 d6 4. Nf3 dxe5 5. Nxe5 c6 6. Be2 Bf5 7. O-O Nd7 8.
Nf3 e6 9. c4 N5f6 10. Nc3 Ne4 11. Nxe4 Bxe4 12. Bf4 Be7 13. Qb3 Qb6 14. Qe3 Bg6
15. Nd2 O-O 16. Ne4 e5 17. Nc3 Qxd4 18. Qh3 Qxf4 19. Qxd7 Qf6 20. Qxb7 Rfb8 21.
Qc7 Rxb2 22. Bf3 Bd3 23. Rfe1 Bc5 24. Nd1 Rb6 25. Ne3 e4 26. Ng4 Qd4 27. Bxe4
Bd6 28. Qxb6 axb6 29. Bxc6 Rc8 30. Bd7 Rd8 0-1

[Event "Edinburgh Premier"]
[Site "Edinburgh"]
[Date "2016.04.09"]
[Round "2.6"]
[White "Abrahams, Daniel"]
[Black "Hall, David G"]
[Result "1-0"]
[WhiteElo "2084"]
[BlackElo "1874"]
[PlyCount "99"]
[EventDate "2016.04.08"]
[EventType "swiss"]
[EventRounds "5"]
[EventCountry "SCO"]
[SourceDate "2016.04.08"]

1. e4 g6 2. Nf3 Bg7 3. Bc4 d6 4. d3 a6 5. O-O b5 6. Bb3 c5 7. a4 Bb7 8. Nc3 Qd7
9. Nd5 Bxd5 10. Bxd5 Ra7 11. axb5 axb5 12. Rxa7 Qxa7 13. c3 Nf6 14. Qb3 Nxd5
15. Qxb5+ Nd7 16. exd5 O-O 17. Qc4 Nf6 18. Bg5 Rb8 19. b4 cxb4 20. cxb4 Qb7 21.
Rb1 Nxd5 22. Bd2 Qb5 23. Kf1 e6 24. Ke2 Qxc4 25. dxc4 Nc3+ 26. Bxc3 Bxc3 27. b5
Rb6 28. Kd3 Bf6 29. Kc2 Kf8 30. Kb3 Ke8 31. Kb4 Kd7 32. Rd1 Kc7 33. Nd4 Bxd4
34. Rxd4 Rb8 35. g4 e5 36. Rd5 Ra8 37. c5 dxc5+ 38. Rxc5+ Kb6 39. Rc6+ Kb7 40.
Rf6 Ra1 41. Rxf7+ Kb6 42. Rf6+ Kb7 43. Rf7+ Kb6 44. Rxh7 Rf1 45. Rg7 Rxf2 46.
Rxg6+ Kb7 47. h4 e4 48. Kc4 e3 49. Kd3 e2 50. Ke4 1-0

[Event "Edinburgh Premier"]
[Site "Edinburgh"]
[Date "2016.04.09"]
[Round "2.7"]
[White "Tate, Alan"]
[Black "Ridge, Mike"]
[Result "1/2-1/2"]
[WhiteElo "2301"]
[BlackElo "1889"]
[PlyCount "71"]
[EventDate "2016.04.08"]
[EventType "swiss"]
[EventRounds "5"]
[EventCountry "SCO"]
[SourceDate "2016.04.08"]

1. Nf3 g6 2. e4 c5 3. c4 Nc6 4. d4 cxd4 5. Nxd4 Nf6 6. Nc3 d6 7. f3 Nxd4 8.
Qxd4 Bg7 9. Be3 O-O 10. Qd2 Qa5 11. Rc1 Be6 12. b3 Rfc8 13. Bd3 a6 14. Na4
Qxd2+ 15. Kxd2 Nd7 16. g4 Rc6 17. h3 Nc5 18. Nc3 Nxd3 19. Kxd3 Bxc3 20. Rxc3 b5
21. cxb5 Rxc3+ 22. Kxc3 axb5 23. Ra1 Bd7 24. Kb4 f6 25. Rc1 Rxa2 26. Rc7 Be8
27. Rxe7 Ra8 28. Bd4 Bf7 29. Bxf6 Re8 30. Rd7 Re6 31. g5 h6 32. h4 hxg5 33.
hxg5 Kf8 34. Rd8+ Be8 35. Kc3 Kf7 36. Kd4 1/2-1/2

[Event "Edinburgh Premier"]
[Site "Edinburgh"]
[Date "2016.04.09"]
[Round "2.8"]
[White "Durno, Joy"]
[Black "Coffey, Patrick"]
[Result "0-1"]
[WhiteElo "1872"]
[BlackElo "2199"]
[PlyCount "37"]
[EventDate "2016.04.08"]
[EventType "swiss"]
[EventRounds "5"]
[EventCountry "SCO"]
[SourceDate "2016.04.08"]

1. d4 d5 2. c4 e6 3. Nf3 Nf6 4. g3 Nc6 5. Bg2 dxc4 6. O-O Rb8 7. Re1 Be7 8. e4
O-O 9. Nc3 b5 10. d5 Nb4 11. Nd4 e5 12. Ndxb5 Nd3 13. Re2 Bg4 14. f3 Bd7 15. a4
c6 16. dxc6 Bxc6 17. Kf1 Bc5 18. Na3 Ng4 19. Bh3 0-1

[Event "Edinburgh Premier"]
[Site "Edinburgh"]
[Date "2016.04.09"]
[Round "2.9"]
[White "Marks, Ian"]
[Black "Marzano, Carlo"]
[Result "1/2-1/2"]
[WhiteElo "1888"]
[BlackElo "2188"]
[PlyCount "51"]
[EventDate "2016.04.08"]
[EventType "swiss"]
[EventRounds "5"]
[EventCountry "SCO"]
[SourceDate "2016.04.08"]

1. e4 d6 2. d4 Nf6 3. Nc3 e5 4. Nf3 Nbd7 5. Bc4 Be7 6. O-O O-O 7. Re1 c6 8. a4
a5 9. Bb3 exd4 10. Nxd4 Nc5 11. Ba2 Bg4 12. f3 Be6 13. Bxe6 fxe6 14. Be3 Qe8
15. Qe2 Qg6 16. Rad1 Nh5 17. Qd2 d5 18. exd5 exd5 19. Kh1 Na6 20. Re2 Rae8 21.
g4 Nf6 22. Ne6 Rf7 23. Nf4 Qh6 24. Ne6 Qg6 25. Nf4 Qh6 26. Ne6 1/2-1/2

[Event "Edinburgh Premier"]
[Site "Edinburgh"]
[Date "2016.04.09"]
[Round "2.10"]
[White "Orr, Mark J L"]
[Black "Giulian, Rosie"]
[Result "1/2-1/2"]
[WhiteElo "2180"]
[BlackElo "1867"]
[PlyCount "53"]
[EventDate "2016.04.08"]
[EventType "swiss"]
[EventRounds "5"]
[EventCountry "SCO"]
[SourceDate "2016.04.08"]

1. c4 e5 2. g3 Nc6 3. Bg2 Bc5 4. e3 Nf6 5. Ne2 O-O 6. d4 exd4 7. exd4 Bb4+ 8.
Nbc3 d5 9. c5 Bxc3+ 10. bxc3 Na5 11. O-O c6 12. h3 Nc4 13. g4 b6 14. cxb6 axb6
15. Bf4 Re8 16. Re1 Ne4 17. Bxe4 Rxe4 18. f3 Re8 19. Ng3 Rxe1+ 20. Qxe1 Bd7 21.
Qf2 Qh4 22. Kg2 Re8 23. Re1 Rxe1 24. Qxe1 f5 25. Qe2 Kf7 26. Be5 g6 27. gxf5
1/2-1/2